| 000 | 00477nmm a2200157Ia 4500 | ||
|---|---|---|---|
| 008 | 251105s9999||||xx |||||||||||||||||und|| | ||
| 020 | _a9789580610090 | ||
| 041 | _aspa | ||
| 100 | _aNeruda, Pablo | ||
| 245 | 0 |
_aYo acuso : _b Discursos Parlamentarios 1945-1948 |
|
| 264 |
_a[Bogotá, Colombia] : _bOveja Negra, _c2010 |
||
| 300 | _a240 páginas | ||
| 650 | _aHistory of the Americas: Latin America | ||
| 856 | _uhttps://public.digitaliapublishing.com/a/19866 | ||
| 942 | _cCF | ||
| 999 |
_c94789 _d94789 |
||